000 00618nam a2200205 i 4500
001 124319
003 ES-MaACL
005 20230906192353.0
007 t|
008 070529s1938 cu ||||1| spa d
100 1 _aVarona, Enrique José (
_d1849-1933)
_9153535
245 1 0 _aDesde mi Belvedere /
_cEnrique José Varona.
250 _aEd. oficial.
260 _aLa Habana :
_b[s.n.],
_c1938 (
_fImp. Cultural)
300 _a224 p. ;
_c20 cm.
490 1 _aObras de Enrique José Varona ;
_v3
830 0 _aObras de Enrique José Varona ;
_v3
_9186616
852 _aES-MaACL
_jB-13679
999 _c124319
_d124319